000 01139nam a22002057a 4500
003 OSt
005 20260430092835.0
008 260430b |||||||| |||| 00| 0 eng d
020 _a9781442420977
040 _aDWCL GS lib
_cOC
082 _aFic. H722g 2011
100 _aHolub, Joan
_dWilliams, Suzanne
245 _agoddess girls:
_bathena the wise
260 _aNew York
_bSimon & Schuster Children
_cc2011
300 _a246
_c19cm
520 _aAthena isn't the only new kid at mount olympus! Hen a mortal named heravles transfers to the academy, Athena understands what he's going through. She started there a few months ago herself. Not only does heracles need help fitting in, he also has to complete twelve "labors" or be kicked out of school! When athena's dad, Principal Zeus, asks her to secretly look after the new boy, she winds up capturing mythical beasts and shoveling poop. It will take all her famed wisdom to sort out her own problems and help heracles suceed!
546 _bEnglish
700 _aJoan Holub & Suzanne Williams
942 _2ddc
_cFIC.
_hFic. H722g 2011
_n0
999 _c10158
_d10158